LDR 00695naa#a2200193#i#450# 001 EN\\bibl\122768 005 20260513203734.3 011 ## _a2409-1073 100 ## _a20240320b2024####ek#y0engy0150####ca 102 ## _aRU 200 1# _aThe concept of metadisciplinarity and analysis of the metasubject results of the Uniform State Exam in English in KhMAO — Yugra in 2023 _eJournal article 210 1# _aMoscow _cNational Research University of Electronic Technology _d2024 215 ## _a0 с. 608 ## _aJournal article _2local 675 ## _aанглийскому. 372.881.111.1 _z 700 #1 _aIvanova _gElena A 700 #1 _aNigmatullina _gMarina M. 700 #1 _aShershavova _gElena V. 856 4# _aesgi-journal.ru _u